| 000 | 01181nam0a22002891 4500 | ||
|---|---|---|---|
| 001 | rc\663505 | ||
| 005 | 20250621231109.0 | ||
| 035 | _a(NLR Aleph) 005970245 | ||
| 090 |
_a6928188 _c6928188 |
||
| 100 | _a20031121d1986 |||y0rusy50 ca | ||
| 101 | 0 | _arus | |
| 102 | _aRU | ||
| 105 | _aa ||||||||| | ||
| 200 | 1 |
_aЗа живою водой _eСтихи _fБахыт Каирбеков _g[Худож. Б. Аканаев] |
|
| 210 |
_aАлма-Ата _cЖазушы _d1986 |
||
| 215 |
_a79, [1] с. _cил. _d17 |
||
| 327 | 1 | _aСодерж.: Сквозь коридоры...; Циклы: Сквозь будущий день...; Брат мой; За живою водой | |
| 464 | 0 |
_12001#$aСквозь коридоры... _tСквозь коридоры... |
|
| 464 | 0 |
_12001#$aСквозь будущий день... _tСквозь будущий день... |
|
| 464 | 0 |
_12001#$aБрат мой _tБрат мой |
|
| 464 | 0 |
_12001#$aЗа живою водой _tЗа живою водой |
|
| 700 | 1 |
_aКаирбеков _bБ.Г. _gБахыт Гафуович |
|
| 801 | 0 |
_aRU _bNLR _gpsbo |
|
| 801 | 1 |
_aRU _bELAR _2rusmarc |
|
| 852 |
_aNLR _j86-2/1259 |
||
| 942 | _cBOOK | ||
| 980 | _aNB | ||